[Event "Torneo Interdepartamental 2020"]
[Site "Punta del Este"]
[Date "2020.11.01"]
[Round "3.3"]
[White "Manteiga, Franco"]
[Black "Taran, Ignacio"]
[Result "1-0"]
[WhiteElo "1832"]
[BlackElo "1676"]
[Annotator "NA RC"]
[PlyCount "82"]
[EventDate "2020.10.31"]
[EventType "team-tourn"]
[EventCountry "URU"]
[SourceTitle "playchess.com"]
[Source "ChessBase"]
[SourceQuality "1"]
[TimeControl "3600+30"]

1. d4 {[%emt 0:00:00]} Nf6 {[%emt 0:00:00]} 2. c4 {[%emt 0:00:00]} e6 {[%emt 0:00:00]} 3. Nc3 {[%emt 0:00:00]} d5 {[%emt 0:00:04]} 4. cxd5 {[%emt 0:00:00]} exd5 {[%emt 0:00:10]} 5. Bg5 {[%emt 0:00:09]} Be7 {[%emt 0:00:14]} 6. e3 {[%emt 0:00:13]} Bf5 {[%emt 0:00:43]} 7. Bxf6 {[%emt 0:08:59]} Bxf6 {[%emt 0:00:24]} 8. Qb3 {[%emt 0:00:07]} Nd7 {[%emt 0:03:38] D35: Queen's Gambit Declined: Exchange Variation.} 9. Nxd5 {[%emt 0:02:47] [#]} c6 $146 {[%emt 0:03:15]} ({Predecessor:} 9... O-O 10. Nxf6+ Nxf6 11. Nf3 c5 12. Be2 cxd4 13. Nxd4 Qa5+ 14. Qc3 Qxc3+ 15. bxc3 Bg6 16. O-O {1-0 (77) Homa,S (2274)-Brooks,M (2430) Saint Louis 2012}) 10. Nxf6+ {[%emt 0:01:51]} Qxf6 {[%emt 0:00:17]} 11. Nf3 {[%emt 0:04:52]} O-O {[%emt 0:00:11]} 12. Be2 {[%emt 0:01:29]} Be4 {[%emt 0:01:21]} (12... Qe7 $16 13. O-O (13. Qxb7 Rab8 $16) 13... Nb6) 13. O-O {[%emt 0:03:22]} ({White should try} 13. Qxb7 $18 Qd6 14. Qb3) 13... Nb6 {[%emt 0:00:07]} 14. Rac1 {[%emt 0:04:47]} Rfd8 {[%emt 0:03:36]} 15. Rc5 {[%emt 0:03:08]} Bd5 {[%emt 0:01:32]} 16. Qc2 {[%emt 0:01:32]} Re8 {[%emt 0:03:34]} 17. Bd3 {[%emt 0:11:55]} Nd7 {[%emt 0:07:02]} 18. Rc3 {[%emt 0:02:18]} Bxf3 {[%emt 0:17:38]} 19. gxf3 {[%emt 0:00:04]} h6 {[%emt 0:00:52]} 20. f4 {[%emt 0:10:10]} Qh4 {[%emt 0:04:15]} 21. Qe2 {[%emt 0:00:06]} Nf6 {[%emt 0:00:39] [#]} 22. Qf3 $1 {[%emt 0:01:09]} Rad8 {[%emt 0:03:01]} 23. Qg3 {[%emt 0:04:55]} Qxg3+ {[%emt 0:01:58]} 24. hxg3 {[%emt 0:00:27]} Re7 {[%emt 0:05:46]} 25. Kg2 $18 {[%emt 0:00:46]} Rd6 {[%emt 0:04:03]} 26. Kf3 {[%emt 0:01:12]} Nd7 {[%emt 0:00:23]} 27. b4 {[%emt 0:02:09]} g6 {[%emt 0:00:34]} 28. Rfc1 {[%emt 0:00:52]} Nb6 {[%emt 0:00:31]} 29. R3c2 {[%emt 0:01:57]} Kg7 {[%emt 0:00:59]} 30. Rb1 {[%emt 0:01:32]} a6 {[%emt 0:00:08]} 31. Bc4 {[%emt 0:00:29]} Na8 {[%emt 0:02:21]} 32. a4 {[%emt 0:00:29]} Nc7 {[%emt 0:00:05]} 33. Rbc1 {[%emt 0:01:28]} Nd5 {[%emt 0:04:18]} 34. Bxd5 {[%emt 0:00:12]} Rxd5 {[%emt 0:00:37]} 35. Rc5 {[%emt 0:00:20]} Red7 {[%emt 0:00:33]} 36. Ke2 {[%emt 0:01:09]} f5 {[%emt 0:00:35]} 37. Rxd5 {[%emt 0:00:41]} Rxd5 {[%emt 0:00:09]} 38. Rc5 {[%emt 0:00:03]} Kf6 {[%emt 0:00:48]} 39. Rxd5 {[%emt 0:01:02]} cxd5 {[%emt 0:00:10]} 40. f3 {[%emt 0:00:14]} Ke6 {[%emt 0:00:42]} 41. Kd3 {[%emt 0:00:33]} h5 {[%emt 0:00:51]} 1-0

[Event "Torneo Interdepartamental 2020"]
[Site "Punta del Este"]
[Date "2020.11.01"]
[Round "3.4"]
[White "Genta, Alejandro"]
[Black "Caitano, Martin Joel"]
[Result "1/2-1/2"]
[WhiteElo "2003"]
[BlackElo "2086"]
[Annotator "ChessBase"]
[PlyCount "57"]
[EventDate "2020.10.31"]
[EventType "team-tourn"]
[EventCountry "URU"]
[SourceTitle "playchess.com"]
[Source "ChessBase"]
[SourceQuality "1"]
[TimeControl "3600+30"]

1. d4 {[%emt 0:00:00]} d6 {[%emt 0:00:00]} 2. c4 {[%emt 0:00:00]} Nd7 {[%emt 0:00:00]} 3. e4 {[%emt 0:00:52]} e5 {[%emt 0:00:11]} 4. Nf3 {[%emt 0:04:15]} g6 {[%emt 0:00:33]} 5. Nc3 {[%emt 0:00:21]} Bg7 {[%emt 0:00:11]} 6. Be2 {[%emt 0:05:35]} Ne7 {[%emt 0:02:34]} 7. O-O {[%emt 0:00:33]} O-O {[%emt 0:01:31]} 8. Re1 {[%emt 0:13:38]} h6 {[%emt 0:09:45]} 9. dxe5 {[%emt 0:04:20]} Nxe5 {[%emt 0:13:38]} 10. Nxe5 {[%emt 0:01:56]} dxe5 {[%emt 0:00:25]} 11. Qxd8 {[%emt 0:11:02]} Rxd8 {[%emt 0:00:05]} 12. Nd5 {[%emt 0:00:03]} Nxd5 {[%emt 0:01:35]} 13. cxd5 {[%emt 0:00:26]} Bd7 {[%emt 0:03:20]} 14. Be3 {[%emt 0:01:36]} c6 {[%emt 0:02:07]} 15. Bc4 {[%emt 0:00:34]} Bf8 {[%emt 0:04:07]} 16. dxc6 {[%emt 0:09:43]} Bxc6 {[%emt 0:00:20]} 17. f3 {[%emt 0:00:02]} Kg7 {[%emt 0:05:00]} 18. Red1 {[%emt 0:00:05]} Be7 {[%emt 0:13:51]} 19. Rxd8 {[%emt 0:00:52]} Bxd8 {[%emt 0:00:48]} 20. b4 {[%emt 0:03:47]} a6 {[%emt 0:06:20]} 21. a4 {[%emt 0:06:38]} Be7 {[%emt 0:01:52]} 22. Bd2 {[%emt 0:00:06]} Rc8 {[%emt 0:01:04]} 23. Be2 {[%emt 0:00:50]} Bxa4 {[%emt 0:01:28]} 24. Bxa6 {[%emt 0:00:02]} bxa6 {[%emt 0:00:38]} 25. Rxa4 {[%emt 0:00:33]} Rc2 {[%emt 0:00:31]} 26. Be3 {[%emt 0:00:24]} Rc4 {[%emt 0:00:31]} 27. Rxa6 {[%emt 0:01:50]} Rxb4 28. Ra3 Ra4 29. Rxa4 1/2-1/2

[Event "Torneo Interdepartamental 2020"]
[Site "Punta del Este"]
[Date "2020.11.01"]
[Round "3.5"]
[White "Ibanez, Juan Rodrigo"]
[Black "Durante, Aurelio"]
[Result "1/2-1/2"]
[WhiteElo "2107"]
[BlackElo "1937"]
[Annotator "TA"]
[PlyCount "49"]
[EventDate "2020.10.31"]
[EventType "team-tourn"]
[EventCountry "URU"]
[SourceTitle "playchess.com"]
[Source "ChessBase"]
[SourceQuality "1"]

{[%evp 9,49,11,7,2,9,0,18,-13,0,-14,1,6,51,49,56,0,0,-10,0,-17,6,0,16,-7,-8,0,16,16,9,4,3,2,9,-12,0,-18,-6,-8,0,-11,0,-25]} 1. d4 d5 2. Nf3 Nf6 3. Bf4 Bf5 4. e3 e6 5. Bd3 Bd6 6. Bxf5 {D02: 1 d4 d5 2 Nf3 sidelines, including 2...Nf6 3 g3 and 2...Nf6 3 Bf4.} exf5 7. Bg5 h6 {[#]} 8. Bh4 $146 ({Predecessor:} 8. Bxf6 Qxf6 9. Nc3 c6 10. Qd3 Nd7 11. Ne2 O-O-O 12. O-O-O g5 13. Nd2 Bc7 14. Nb3 {0-1 (22) Garcia Martin,J (1903)-Vukotic Jovsic,D (1960) Madrid 2011}) 8... O-O 9. Nc3 c6 10. Qd3 f4 11. exf4 Bxf4 12. O-O (12. Qf5 $1 $14 Re8+ 13. Kf1) 12... Nbd7 $11 {The position is equal.} 13. Rfe1 Qc7 14. Re7 {Hoping for Bxf6.} g5 15. Bg3 Rae8 16. Rae1 Rxe7 17. Rxe7 Bxg3 18. hxg3 Qd6 $132 {[%mdl 2048] Black is not holding back} 19. Re1 (19. Re3 {keeps more tension.} Re8 20. Rxe8+ Nxe8 21. Nd1 Ndf6 22. Qb3) 19... Re8 20. Rxe8+ Nxe8 21. Nh2 Qe6 22. Nf1 Ndf6 23. Ne3 Nd6 24. Ne2 h5 25. b3 {Av CentiPawn Loss W=-12/B=-10. Weighted=-13/-10} 1/2-1/2

[Event "Torneo Interdepartamental 2020"]
[Site "Punta del Este"]
[Date "2020.11.01"]
[Round "3.6"]
[White "Barboza, Mauro"]
[Black "Vaz Lacuesta, Leonardo"]
[Result "0-1"]
[WhiteElo "1874"]
[BlackElo "2085"]
[Annotator "ChessBase"]
[PlyCount "66"]
[EventDate "2020.10.31"]
[EventType "team-tourn"]
[EventCountry "URU"]
[SourceTitle "playchess.com"]
[Source "ChessBase"]
[SourceQuality "1"]
[TimeControl "3600+30"]

1. e4 {[%emt 0:01:17]} c5 {[%emt 0:01:21]} 2. Nf3 {[%emt 0:00:24]} e6 {[%emt 0:00:28]} 3. d4 {[%emt 0:02:20]} cxd4 {[%emt 0:00:05]} 4. Nxd4 {[%emt 0:00:18]} Nf6 {[%emt 0:01:03]} 5. Nc3 {[%emt 0:00:22]} Bb4 {[%emt 0:00:45]} 6. Bd3 {[%emt 0:00:48]} a6 {[%emt 0:01:58]} 7. O-O {[%emt 0:00:21]} Qc7 {[%emt 0:00:38]} 8. Nde2 {[%emt 0:01:08]} Nc6 {[%emt 0:01:28]} 9. Bf4 {[%emt 0:01:21]} Bd6 {[%emt 0:02:56]} 10. Bxd6 {[%emt 0:05:13]} Qxd6 {[%emt 0:00:15]} 11. h3 {[%emt 0:00:14]} b5 {[%emt 0:01:40]} 12. a3 {[%emt 0:00:42]} O-O {[%emt 0:05:48]} 13. f4 {[%emt 0:01:17]} Qc5+ {[%emt 0:00:14]} 14. Kh1 {[%emt 0:00:20]} d6 {[%emt 0:03:16]} 15. Ng3 {[%emt 0:09:14]} Ne7 {[%emt 0:04:59]} 16. e5 {[%emt 0:04:35]} dxe5 {[%emt 0:08:13]} 17. Nce4 {[%emt 0:00:34]} Nxe4 {[%emt 0:00:26]} 18. Bxe4 {[%emt 0:00:08]} Rb8 {[%emt 0:03:25]} 19. fxe5 {[%emt 0:07:39]} Qxe5 {[%emt 0:00:57]} 20. Qf3 {[%emt 0:00:20]} f5 {[%emt 0:01:53]} 21. c3 {[%emt 0:02:11]} Qf6 {[%emt 0:00:24]} 22. Qd3 {[%emt 0:13:20]} Bb7 {[%emt 0:08:01]} 23. Bxb7 {[%emt 0:00:53]} Rxb7 {[%emt 0:00:12]} 24. Qd6 {[%emt 0:00:47]} e5 {[%emt 0:00:44]} 25. Qd2 {[%emt 0:08:25]} Qg6 {[%emt 0:05:23]} 26. Kh2 {[%emt 0:00:44]} f4 {[%emt 0:00:52]} 27. Ne2 {[%emt 0:00:36]} Rb6 {[%emt 0:00:37]} 28. Rad1 {[%emt 0:02:18]} Re6 {[%emt 0:00:40]} 29. Qd7 {[%emt 0:00:58]} Nf5 {[%emt 0:00:16]} 30. Rf3 {[%emt 0:03:07]} Ne3 {[%emt 0:00:40]} 31. Rg1 {[%emt 0:00:27]} Rd6 {[%emt 0:00:59]} 32. Qe7 {[%emt 0:01:30]} Rd2 {[%emt 0:00:18]} 33. Rf2 {[%emt 0:00:30]} Ng4+ 0-1

[Event "Torneo Interdepartamental 2020"]
[Site "Punta del Este"]
[Date "2020.11.01"]
[Round "3.7"]
[White "Coppola, Claudio"]
[Black "Braso, Jorge"]
[Result "1/2-1/2"]
[WhiteElo "2278"]
[BlackElo "2100"]
[Annotator "TA"]
[PlyCount "128"]
[EventDate "2020.10.31"]
[EventType "team-tourn"]
[EventCountry "URU"]
[SourceTitle "playchess.com"]
[Source "ChessBase"]
[SourceQuality "1"]

{[%evp 12,128,31,18,67,43,43,26,32,8,13,0,0,-18,-7,-7,1,-8,-9,-13,18,0,0,-24,-24,-26,-25,-48,-33,-109,-110,-195,-23,-48,-21,-29,-28,-28,-28,-60,-63,-66,0,-47,-7,-25,0,0,84,77,88,88,88,88,88,73,147,137,141,97,86,70,70,70,70,70,70,0,70,74,95,60,231,198,191,104,104,113,106,106,104,20,78,2,9,0,0,0,0,0,0,0,0,0,0,0,0,0,0,0,0,0,0,0,0,0,0,0,0,0,9,0,0,0,0,-34,-34,-34,29993]} 1. d4 d5 2. c4 dxc4 3. e4 Nf6 4. e5 Nd5 5. Bxc4 Nb6 6. Bd3 Nc6 7. Be3 e6 {D20: Queen's Gambit Accepted: 3 e3 and 3 e4.} 8. Nf3 Nb4 {[#]} 9. Be2 $146 ({Predecessor:} 9. Be4 N4d5 10. Bg5 Be7 11. Bxe7 Qxe7 12. O-O Bd7 13. Nc3 Bc6 14. Re1 Qd7 15. Rc1 {½-½ (38) Walker,D (2325)-Sadler,M (2465) Eastbourne 1990}) 9... N4d5 {White has an edge.} 10. Bg5 Be7 11. Bxe7 Qxe7 12. Qd2 Bd7 13. O-O Bc6 14. Rc1 O-O 15. Nc3 Rad8 16. a3 Nxc3 17. Qxc3 Nd5 18. Qd2 h6 19. h4 Qd7 20. Bd3 (20. Rd1 $15) 20... Ne7 $1 $17 {Strongly threatening ...Bxf3.} 21. Rd1 (21. Rxc6 $17 {keeps fighting.} Nxc6 22. Rd1) 21... Nf5 $2 (21... Bxf3 $1 $19 22. gxf3 Nc6) 22. Bxf5 {Black must now prevent Bb1.} exf5 (22... Bxf3 $5 23. gxf3 exf5 $11) 23. Qe3 Rfe8 24. Ne1 Qd5 25. Qf4 Ba4 26. Rdc1 Bc6 27. Rd1 $1 Qe6 28. Nc2 Be4 29. Ne3 c5 (29... f6 $11) 30. dxc5 $16 Rxd1+ 31. Rxd1 Qxe5 32. Qxe5 Rxe5 {[%mdl 4096] Endgame KRB-KRN} 33. b4 $1 Bc6 (33... Kf8 $142) 34. Nc4 $1 {[%cal Rc4e5]} Re2 35. Na5 Ra2 36. Nxc6 bxc6 {KR-KR} 37. Rd6 Rxa3 38. Rxc6 Rb3 39. Rc8+ Kh7 40. Rb8 Rc3 41. Rb5 Rc4 $2 {[#]} (41... Rc1+ $14 42. Kh2 Kg6) 42. Kf1 $1 $18 a6 {[#]} 43. Rb6 (43. Rb7 $1 $18) 43... a5 $16 44. bxa5 {c6 is the strong threat.} Rxc5 45. a6 Ra5 46. Ke2 (46. Ke1 $16) 46... Ra2+ $1 $11 47. Ke3 (47. Kd1 $16) 47... g5 48. h5 {And now Kd4 would win.} f4+ $1 49. Kf3 Kg7 50. g4 Ra4 51. Ke2 Ra2+ 52. Kf3 Ra4 53. Rc6 Ra2 54. Rd6 Ra4 55. Ke2 Ra2+ 56. Kf3 Ra4 57. Ke2 Ra2+ 58. Kf3 Ra4 59. Rc6 Ra2 60. Rd6 Ra4 61. Ke2 Ra2+ 62. Kd3 Rxf2 63. a7 Ra2 64. Rd7 Rf2 $2 {[%mdl 40960] Av CentiPawn Loss W=-15/B=-33. Weighted=-19/-61. An unexpected result.} (64... Ra4 $15) 1/2-1/2

[Event "Torneo Interdepartamental 2020"]
[Site "Punta del Este"]
[Date "2020.11.01"]
[Round "3.8"]
[White "Pena Canapa, Alfredo"]
[Black "Chamlian, Aram"]
[Result "1-0"]
[WhiteElo "1810"]
[BlackElo "1710"]
[Annotator "NA RC"]
[PlyCount "89"]
[EventDate "2020.10.31"]
[EventType "team-tourn"]
[EventCountry "URU"]
[SourceTitle "playchess.com"]
[Source "ChessBase"]
[SourceQuality "1"]
[TimeControl "3600+30"]

1. e4 {[%emt 0:00:00]} c5 {[%emt 0:06:36]} 2. Nf3 {[%emt 0:00:00]} Nc6 {[%emt 0:00:32]} 3. Bb5 {[%emt 0:00:00]} g6 {[%emt 0:00:36]} 4. Bxc6 {[%emt 0:00:19]} bxc6 {[%emt 0:00:35]} 5. O-O {[%emt 0:00:12]} Bg7 {[%emt 0:00:38]} 6. Re1 {[%emt 0:00:25]} e5 {[%emt 0:00:31]} 7. c3 {[%emt 0:00:35]} Ne7 {[%emt 0:00:56]} 8. d4 {[%emt 0:00:33]} cxd4 {[%emt 0:01:44]} 9. cxd4 {[%emt 0:00:11]} exd4 {[%emt 0:00:15]} 10. Nxd4 {[%emt 0:00:13]} O-O {[%emt 0:00:20]} 11. Nc3 {[%emt 0:00:42]} Qb6 {[%emt 0:05:17]} 12. Nb3 {[%emt 0:00:39] [#]} h6 $146 {[%emt 0:05:39] B31: Sicilian: 2...Nc6 3 Bb5 g6.} ({Black should try} 12... Be5) ({Predecessor:} 12... Qc7 13. Bg5 d6 14. Rc1 Rb8 15. Qd2 Ba6 16. Red1 Nc8 17. Nd5 Qb7 18. Nf6+ Kh8 19. e5 Ne7 20. exd6 Nd5 21. Nc5 Qxb2 22. Qxb2 Rxb2 23. Nxd5 Be2 {1-0 (23) Luukkonen,T (2284)-Rantanen,Y (2309) Finland 2019}) 13. Be3 {[%emt 0:00:51]} Qc7 {[%emt 0:03:25]} 14. Qd2 {[%emt 0:07:40]} Kh7 {[%emt 0:00:17]} 15. Rad1 {[%emt 0:01:02]} d5 {[%emt 0:06:19]} 16. Bc5 {[%emt 0:13:50]} dxe4 {[%emt 0:08:18]} 17. Nxe4 {[%emt 0:03:37]} Be6 {[%emt 0:02:49]} 18. Bd6 {[%emt 0:01:51]} Qd8 {[%emt 0:04:50]} 19. Nec5 {[%emt 0:02:39]} Re8 {[%emt 0:03:20]} 20. Nxe6 {[%emt 0:03:41]} fxe6 {[%emt 0:00:11]} 21. Rxe6 {[%emt 0:00:46]} Nf5 {[%emt 0:01:03]} 22. Rxe8 {[%emt 0:01:24]} Qxe8 {[%emt 0:00:23]} 23. Bb4 {[%emt 0:02:09]} Qe6 {[%emt 0:02:01]} 24. Bc3 {[%emt 0:00:42]} Bxc3 {[%emt 0:00:47]} 25. Qxc3 {[%emt 0:00:50]} Re8 {[%emt 0:00:20]} 26. h3 {[%emt 0:02:32]} Re7 {[%emt 0:01:14]} 27. Rc1 {[%emt 0:06:05]} Qe2 {[%emt 0:00:36]} 28. Qc2 {[%emt 0:02:59]} ({Much less strong is} 28. Qxc6 $6 Qxb2 29. Qd5 h5 $16) ({Better is} 28. Nd4 $18 Nxd4 29. Qxd4) 28... Qe5 {[%emt 0:00:33]} 29. Qd2 {[%emt 0:01:56]} Qe6 {[%emt 0:00:58]} 30. Kf1 {[%emt 0:01:01]} Rd7 {[%emt 0:01:35]} 31. Qe2 {[%emt 0:00:50]} Qd6 {[%emt 0:00:48] [#]} 32. Qc2 $2 {[%emt 0:01:51]} (32. Kg1 $1 $16 {is necessary to keep the advantage.}) 32... Qh2 {[%emt 0:01:14]} 33. Qxc6 {[%emt 0:04:45]} Re7 {[%emt 0:00:47]} 34. g4 {[%emt 0:01:52]} Nh4 {[%emt 0:03:05]} 35. Rc3 {[%emt 0:01:48]} Qe5 {[%emt 0:00:54]} 36. Re3 {[%emt 0:00:28]} Qg5 $18 {[%emt 0:02:21]} 37. Rxe7+ {[%emt 0:00:28]} Qxe7 {[%emt 0:00:13]} 38. Nc5 {[%emt 0:01:52]} Qf8 {[%emt 0:03:51]} 39. Qd7+ {[%emt 0:02:44]} Kh8 {[%emt 0:00:42]} 40. Ne6 {[%emt 0:00:54]} Qg8 {[%emt 0:00:21]} 41. Qd4+ {[%emt 0:00:55]} Kh7 {[%emt 0:00:26]} 42. Qxa7+ {[%emt 0:00:10]} Kh8 {[%emt 0:00:08]} 43. Qd4+ {[%emt 0:00:11]} Kh7 {[%emt 0:00:17]} 44. Qf6 {[%emt 0:01:25]} g5 {[%emt 0:00:44]} 45. Nf8+ {[%emt 0:00:13]} 1-0

[Event "Torneo Interdepartamental 2020"]
[Site "Punta del Este"]
[Date "2020.11.01"]
[Round "3.9"]
[White "Zecharies, Alexis"]
[Black "Campora, Edgardo"]
[Result "1-0"]
[WhiteElo "1823"]
[BlackElo "1663"]
[Annotator "NA RC"]
[PlyCount "85"]
[EventDate "2020.10.31"]
[EventType "team-tourn"]
[EventCountry "URU"]
[TimeControl "3600+30"]

1. d4 {[%emt 0:00:00]} Nf6 {[%emt 0:00:00]} 2. Nc3 {[%emt 0:00:24]} g6 {[%emt 0:00:27]} 3. e4 {[%emt 0:02:08]} d6 {[%emt 0:00:28]} 4. f4 {[%emt 0:00:49]} Bg7 {[%emt 0:01:06]} 5. Nf3 {[%emt 0:00:52]} O-O {[%emt 0:01:18]} 6. Bc4 {[%emt 0:00:48]} a6 {[%emt 0:03:31]} 7. a4 {[%emt 0:02:22]} e6 {[%emt 0:03:35]} 8. Ba2 {[%emt 0:08:38]} b6 {[%emt 0:00:53]} 9. O-O {[%emt 0:01:06]} Bb7 {[%emt 0:00:21]} 10. e5 {[%emt 0:06:59]} Nfd7 {[%emt 0:08:14]} 11. Ng5 {[%emt 0:07:30]} d5 {[%emt 0:10:34]} 12. b4 {[%emt 0:00:57]} c5 {[%emt 0:03:38]} 13. bxc5 {[%emt 0:01:17]} bxc5 {[%emt 0:00:24]} 14. Rb1 {[%emt 0:09:02]} cxd4 {[%emt 0:09:23]} 15. Ne2 {[%emt 0:01:00]} Bc6 {[%emt 0:03:33]} 16. Nxd4 {[%emt 0:01:59]} Re8 {[%emt 0:01:57]} 17. c4 {[%emt 0:06:55]} dxc4 {[%emt 0:08:16]} 18. Bxc4 {[%emt 0:04:52]} Qc7 {[%emt 0:03:30]} 19. Ndxe6 {[%emt 0:02:08]} fxe6 {[%emt 0:00:57]} 20. Nxe6 {[%emt 0:00:04]} Qa7+ {[%emt 0:00:37]} 21. Kh1 {[%emt 0:02:42]} Kh8 {[%emt 0:02:06]} 22. Qe2 {[%emt 0:01:57]} Nf8 {[%emt 0:00:53]} 23. Ng5 {[%emt 0:01:28]} Qe7 {[%emt 0:01:13]} 24. Nf7+ {[%emt 0:00:41]} Kg8 {[%emt 0:00:14]} 25. Nd6+ {[%emt 0:00:45]} Kh8 {[%emt 0:02:49]} 26. Ba3 {[%emt 0:00:02]} Qa7 27. Nxe8 {[%emt 0:02:43]} Bxe8 {[%emt 0:01:55]} 28. Bd5 Nc6 {[%emt 0:00:27]} 29. Qe4 {[%emt 0:00:13]} Rc8 {[%emt 0:00:10]} 30. Rfc1 {[%emt 0:00:14]} Ne7 {[%emt 0:01:18]} 31. Bxe7 {[%emt 0:00:20]} Rxc1+ {[%emt 0:00:06]} 32. Rxc1 {[%emt 0:00:02]} Qxe7 {[%emt 0:00:07]} 33. Qc4 {[%emt 0:00:47]} Qa3 {[%emt 0:01:27]} 34. h3 {[%emt 0:02:31]} Bxa4 {[%emt 0:00:46]} 35. Re1 {[%emt 0:01:00]} Bb5 {[%emt 0:00:07]} 36. Qc7 {[%emt 0:00:33]} Be8 {[%emt 0:00:58]} 37. Qd8 {[%emt 0:00:48]} Qg3 {[%emt 0:00:36]} 38. Rf1 {[%emt 0:00:27]} Bb5 {[%emt 0:00:21]} 39. Rf3 {[%emt 0:00:43]} Qe1+ {[%emt 0:00:02]} 40. Kh2 {[%emt 0:00:08]} h5 {[%emt 0:00:14]} 41. e6 {[%emt 0:00:29]} Kh7 {[%emt 0:00:24]} 42. e7 {[%emt 0:00:19]} Ne6 {[%emt 0:00:11]} 43. e8=Q 1-0

[Event "Torneo Interdepartamental 2020"]
[Site "Punta del Este"]
[Date "2020.11.01"]
[Round "3.11"]
[White "Casas, Nicolas"]
[Black "Chinelli, Gabriel"]
[Result "1-0"]
[WhiteElo "1812"]
[BlackElo "1697"]
[Annotator "NA"]
[PlyCount "63"]
[EventDate "2020.10.31"]
[EventType "team-tourn"]
[EventCountry "URU"]
[SourceTitle "playchess.com"]
[Source "ChessBase"]
[SourceQuality "1"]
[TimeControl "3600+30"]

{[%evp 8,63,12,11,15,11,18,12,17,25,16,14,33,23,48,30,78,69,76,49,32767,32767,32767,32767,32767,32767,32767,32767,32767,32767,32767,32767,32767,32767,32767,32767,32767,32767,32767,32767,32767,32767,32767,32767,32767,32767,32767,32767,32767,32767,32767,0,162,164,874,1037,29998,29999]} 1. d4 {[%emt 0:00:00]} d5 {[%emt 0:00:00]} 2. Nf3 {[%emt 0:00:00]} Bf5 {[%emt 0:00:06]} 3. Bf4 {[%emt 0:00:04]} Nf6 {[%emt 0:01:12]} 4. e3 {[%emt 0:00:14]} e6 {[%emt 0:00:20]} 5. Bd3 {[%emt 0:00:15]} Bb4+ {[%emt 0:02:16]} 6. c3 {[%emt 0:00:13] D02: 1 d4 d5 2 Nf3 sidelines, including 2...Nf6 3 g3 and 2...Nf6 3 Bf4.} Bxd3 {[%emt 0:04:30]} 7. Qxd3 {[%emt 0:00:06]} Bd6 {[%emt 0:02:17]} 8. Qb5+ {[%emt 0:01:59]} Nbd7 {[%emt 0:01:54]} 9. Qxb7 {[%emt 0:02:30] [#]} Bxf4 $146 {[%emt 0:01:32]} ({Predecessor:} 9... Rb8 10. Qxa7 Rxb2 11. Nbd2 Nb6 12. Bxd6 Qxd6 13. Qb8+ Qd8 14. Qxd8+ Kxd8 15. O-O Ke7 {1-0 (31) Navratil,J (2163)-Kocur,A (1922) Czechia 2010}) 10. exf4 {[%emt 0:00:16]} O-O {[%emt 0:04:51]} 11. Qb3 {[%emt 0:03:10]} Qe7 {[%emt 0:04:24]} 12. O-O {[%emt 0:00:14]} Qd6 {[%emt 0:03:09]} 13. Ne5 {[%emt 0:00:26]} Rfb8 {[%emt 0:03:11]} 14. Qc2 {[%emt 0:00:19]} Qb6 {[%emt 0:03:39]} 15. b3 {[%emt 0:00:34]} a5 {[%emt 0:00:21]} 16. Nd2 {[%emt 0:00:33]} c5 {[%emt 0:03:02]} 17. Nxd7 {[%emt 0:02:20]} Nxd7 {[%emt 0:00:19]} 18. Nf3 {[%emt 0:02:23]} a4 {[%emt 0:05:24]} 19. bxa4 {[%emt 0:02:13]} Qa7 {[%emt 0:04:19]} 20. Rfb1 {[%emt 0:01:58]} Rc8 {[%emt 0:10:10]} 21. f5 {[%emt 0:04:02]} cxd4 {[%emt 0:01:48]} 22. fxe6 {[%emt 0:00:37]} fxe6 {[%emt 0:02:28]} 23. Qe2 {[%emt 0:01:24]} Qa6 {[%emt 0:01:19]} 24. Qxa6 {[%emt 0:06:29]} Rxa6 {[%emt 0:00:14]} 25. cxd4 {[%emt 0:00:06]} Rxa4 {[%emt 0:01:26]} 26. g3 {[%emt 0:00:40]} Rca8 {[%emt 0:01:09]} 27. Rb7 {[%emt 0:00:26]} Nf8 $11 {[%emt 0:03:06]} 28. Rb2 {[%emt 0:02:27]} Kf7 {[%emt 0:02:36]} 29. Rb7+ {[%emt 0:02:35]} (29. h4 $16) 29... Kf6 $2 {[%emt 0:00:41] [#]} 30. Ne5 $1 {[%emt 0:02:21]} Rxd4 $2 {[%emt 0:00:35]} (30... R8a7 31. Rxa7 Rxa7) 31. f4 {[%emt 0:00:09]} Kf5 {[%emt 0:01:46]} 32. Rf7+ {[%emt 0:00:06]} 1-0

[Event "Torneo Interdepartamental 2020"]
[Site "Punta del Este"]
[Date "2020.11.01"]
[Round "3.12"]
[White "Gatti, Santiago"]
[Black "Romero Calderon, Juan"]
[Result "1/2-1/2"]
[WhiteElo "1691"]
[BlackElo "2099"]
[Annotator "ChessBase"]
[PlyCount "68"]
[EventDate "2020.10.31"]
[EventType "team-tourn"]
[EventCountry "URU"]
[SourceTitle "playchess.com"]
[Source "ChessBase"]
[SourceQuality "1"]
[TimeControl "3600+30"]

1. d4 d5 {[%emt 0:00:00]} 2. Nf3 {[%emt 0:00:00]} Nf6 {[%emt 0:00:10]} 3. Bf4 {[%emt 0:00:00]} c5 {[%emt 0:00:24]} 4. e3 {[%emt 0:00:00]} Nc6 {[%emt 0:00:55]} 5. c3 {[%emt 0:03:41]} Qb6 {[%emt 0:01:04]} 6. Qb3 {[%emt 0:01:10]} c4 {[%emt 0:01:00]} 7. Qxb6 {[%emt 0:05:33]} axb6 {[%emt 0:00:11]} 8. Nbd2 {[%emt 0:00:56]} Bf5 {[%emt 0:01:44]} 9. Be2 {[%emt 0:01:50]} e6 {[%emt 0:01:33]} 10. O-O {[%emt 0:00:31]} b5 {[%emt 0:01:01]} 11. a3 {[%emt 0:17:52]} Nd7 {[%emt 0:06:58]} 12. Rfc1 {[%emt 0:19:16]} Be7 {[%emt 0:05:27]} 13. Bd1 {[%emt 0:05:19]} Nb6 {[%emt 0:03:19]} 14. Bc2 {[%emt 0:03:54]} b4 {[%emt 0:02:16]} 15. Bc7 {[%emt 0:00:30]} Bxc2 {[%emt 0:00:30]} 16. Rxc2 {[%emt 0:03:05]} b3 {[%emt 0:04:59]} 17. Rcc1 Na4 {[%emt 0:03:41]} 18. Rcb1 {[%emt 0:03:17]} Kd7 19. Bf4 {[%emt 0:00:33]} f6 {[%emt 0:04:56]} 20. e4 {[%emt 0:01:14]} Bd6 {[%emt 0:03:48]} 21. Bxd6 {[%emt 0:00:51]} Kxd6 {[%emt 0:00:03]} 22. Ne1 {[%emt 0:00:47]} e5 {[%emt 0:01:00]} 23. dxe5+ {[%emt 0:00:27]} fxe5 {[%emt 0:01:47]} 24. exd5 Kxd5 {[%emt 0:00:24]} 25. Ndf3 {[%emt 0:01:04]} Kc5 {[%emt 0:01:34]} 26. Ng5 {[%emt 0:00:13]} Rae8 {[%emt 0:02:21]} 27. Ne4+ {[%emt 0:00:34]} Kd5 {[%emt 0:00:36]} 28. f3 {[%emt 0:00:30]} Ke6 {[%emt 0:00:30]} 29. Rd1 {[%emt 0:00:18]} Rd8 {[%emt 0:02:00]} 30. Rxd8 {[%emt 0:01:02]} Rxd8 {[%emt 0:00:19]} 31. Rb1 {[%emt 0:00:21]} h6 {[%emt 0:01:02]} 32. Kf2 {[%emt 0:00:25]} Rd5 {[%emt 0:01:06]} 33. g4 {[%emt 0:00:28]} g5 {[%emt 0:00:35]} 34. Ng2 {[%emt 0:00:07]} Nc5 1/2-1/2